| 000 | 00000nam 2200000za 4500 |
| 001 | 9.856062 |
| 003 | CaOODSP |
| 005 | 20221107155442 |
| 007 | cr ||||||||||| |
| 008 | 180502s1993 onc #o f|0| 0 eng d |
| 040 | |aCaOODSP|beng |
| 043 | |an-cn--- |
| 086 | 1 |aCS65-0006/1993E-PDF |
| 245 | 00|aCompetitiveness in manufacturing industries |h[electronic resource] : |bCanada & Mexico in the US market. |
| 246 | 2 |aCompetitiveness in manufacturing industries : |bCanada and Mexico in the United States market |
| 260 | |a[Ottawa : |bStatistics Canada, |c1993] |
| 300 | |a[54] p. |
| 500 | |a"Draft methodology paper (with presentation slides)." |
| 500 | |aDigitized edition from print [produced by Statistics Canada]. |
| 504 | |aIncludes bibliographic references. |
| 520 | |a"This study is, in a substantial way, a continuation of work begun in the division's recent Trade Patterns paper, published in March of 1993. That study showed that there was competition between Canada and Mexico in certain industries"--p. [1]. |
| 692 | 07|2gccst|aManufacturing industry |
| 692 | 07|2gccst|aCompetitiveness |
| 710 | 2 |aStatistics Canada. |
| 856 | 40|qPDF|s1.19 MB|uhttps://publications.gc.ca/collections/collection_2018/statcan/CS65-0006-1993-eng.pdf |
| 986 | |a65N0006 |